[Event "Brno /Olexa/"]
[Site "?"]
[Date "2012.12.25"]
[Round "1"]
[White "Hlousek, Dusan"]
[Black "Dvorak, Adam"]
[Result "0-1"]
[WhiteElo "1621"]
[BlackElo "2030"]
[PlyCount "50"]
[EventDate "2012.??.??"]

1. e4 c5 2. Nf3 e6 3. d4 cxd4 4. Nxd4 a6 5. a3 Qc7 6. Nc3 Nf6 7. Bg5 Be7 8. f3
O-O 9. Bd3 b5 10. Qd2 Bb7 11. O-O d5 12. exd5 Bc5 13. Bxf6 gxf6 14. Kh1 Bxd4
15. Bxh7+ Kxh7 16. Qd3+ Kg7 17. f4 Rh8 18. Qxd4 Nd7 19. Rf3 Rag8 20. d6 Qc6 21.
Rd1 Kf8 22. Rdd3 Ke8 23. Rde3 Kd8 24. Ne4 Qxc2 25. Rf2 Qc1+ 0-1

[Event "Brno /Olexa/"]
[Site "?"]
[Date "2012.12.25"]
[Round "1"]
[White "Spodny, Josef"]
[Black "Martirosyan, Ara"]
[Result "1-0"]
[WhiteElo "2011"]
[BlackElo "1596"]
[PlyCount "45"]
[EventDate "2012.??.??"]

1. e4 c5 2. Nf3 Nc6 3. Bb5 g6 4. O-O Bg7 5. Re1 e6 6. Bxc6 dxc6 7. Nc3 Ne7 8.
d3 O-O 9. Be3 b6 10. Qd2 f5 11. Bh6 b5 12. Bxg7 Kxg7 13. Qe3 c4 14. dxc4 bxc4
15. Qc5 Re8 16. Qxc4 fxe4 17. Nxe4 Qd5 18. Qc3+ e5 19. Nxe5 Nf5 20. Ng4+ Kf8
21. Qh8+ Kf7 22. Qxh7+ Ng7 23. Nh6+ 1-0

[Event "Brno /Olexa/"]
[Site "?"]
[Date "2012.12.25"]
[Round "1"]
[White "Glacner, Karel"]
[Black "Zeman, Arnost"]
[Result "0-1"]
[WhiteElo "1590"]
[BlackElo "1988"]
[PlyCount "110"]
[EventDate "2012.??.??"]

1. Nc3 d5 2. Nf3 Nf6 3. d4 h6 4. Bf4 c6 5. e3 Bf5 6. Bd3 e6 7. O-O Bd6 8. Re1
O-O 9. Ne5 Bxd3 10. Qxd3 Qc7 11. e4 Nh5 12. Bxh6 gxh6 13. exd5 Bxe5 14. Rxe5
Ng7 15. Re4 f5 16. Rh4 Rf6 17. dxe6 Na6 18. d5 Rd8 19. Qd4 {(R)} Rxe6 20. Qxa7
cxd5 21. Qd4 Qe5 22. Qxe5 Rxe5 23. Rxh6 d4 24. Rd1 Rde8 25. h3 dxc3 26. bxc3
Re1+ 27. Rxe1 Rxe1+ 28. Kh2 Re6 29. Rh4 Rc6 30. c4 Nc5 31. Rf4 Nce6 32. Rf3
Rxc4 33. c3 Nc5 34. Kg3 Ne4+ 35. Kh2 Rxc3 36. Rf4 Rc5 37. g4 Ne6 38. Rf3 f4 39.
Rb3 b5 40. Rb2 Nd4 41. a4 bxa4 42. Rb4 Nc3 43. Rxd4 a3 44. Rd8+ Kg7 45. Ra8 a2
46. Ra7+ Kf6 47. h4 Rc4 48. g5+ Kf5 49. Ra5+ Kg4 50. g6 Kxh4 51. g7 Rc8 52. Rf5
Rg8 53. Rxf4+ Kg5 54. Rf8 Rxg7 55. Ra8 Kf4 0-1

[Event "Brno /Olexa/"]
[Site "?"]
[Date "2012.12.25"]
[Round "1"]
[White "Kucera, Petr"]
[Black "Richterova, Julie"]
[Result "1-0"]
[WhiteElo "1968"]
[BlackElo "1480"]
[PlyCount "43"]
[EventDate "2012.??.??"]

1. e4 d6 2. f4 e5 3. Nf3 Nc6 4. Bc4 Nf6 5. O-O Nxe4 6. fxe5 Bg4 7. d3 Nc5 8.
Bxf7+ Kd7 9. d4 Na6 10. d5 Nxe5 11. Nxe5+ dxe5 12. Qxg4+ Kd6 13. Qe6+ Kc5 14.
Be3+ Kb5 15. a4+ Ka5 16. Bd2+ Bb4 17. Bxb4+ Nxb4 18. c3 Nd3 19. Nd2 b6 20. Qc6
Ka6 21. d6 Nxb2 22. a5 1-0

[Event "Brno /Olexa/"]
[Site "?"]
[Date "2012.12.25"]
[Round "1"]
[White "Koci, Tereza"]
[Black "Kopecek, Ivan"]
[Result "0-1"]
[WhiteElo "1336"]
[BlackElo "1951"]
[PlyCount "56"]
[EventDate "2012.??.??"]

1. d4 f5 2. c4 Nf6 3. Nc3 g6 4. b3 Bg7 5. Nf3 O-O 6. e3 d6 7. Be2 c6 8. O-O Qc7
9. Bb2 a5 10. Rc1 Na6 11. Nb5 Qd8 12. Nc3 h6 13. h3 Qe8 14. Na4 Ne4 15. Nd2 Qd8
16. Nxe4 fxe4 17. d5 Bxb2 18. Nxb2 e5 19. Na4 Qg5 20. g4 Rf6 21. Nc3 Nc5 22. a3
Qh4 23. b4 axb4 24. axb4 Qxh3 25. f4 Qxe3+ 26. Kg2 exf4 27. dxc6 Qg3+ 28. Kh1
f3 0-1

[Event "Brno /Olexa/"]
[Site "?"]
[Date "2012.12.25"]
[Round "1"]
[White "Vitula, Jan"]
[Black "Smutny, Vladimir"]
[Result "0-1"]
[WhiteElo "1892"]
[BlackElo "1617"]
[PlyCount "68"]
[EventDate "2012.??.??"]

1. e4 d6 2. d4 Nf6 3. Nc3 g6 4. Be2 Bg7 5. Nf3 O-O 6. h3 c5 7. d5 a6 8. a4 Nbd7
9. O-O b6 10. Bf4 Bb7 11. Qd2 Ne8 12. Bh6 f6 13. Nh4 Ne5 14. Bxg7 Kxg7 15. f4
Nf7 16. g4 Nc7 17. Nf3 Rh8 18. Nd1 h5 19. g5 fxg5 20. fxg5 Bc8 21. Nf2 Rb8 22.
c4 e5 23. b4 cxb4 24. Qxb4 Qe7 25. h4 a5 26. Qa3 Na6 27. Nd2 Nc5 28. Nd3 Bg4
29. Rf2 Nxg5 30. Nxc5 bxc5 31. hxg5 Qxg5 32. Bxg4 hxg4 33. Kg2 Rh3 34. Qc1 Qe3
0-1

[Event "Brno /Olexa/"]
[Site "?"]
[Date "2012.12.25"]
[Round "1"]
[White "Hala, Pavel"]
[Black "Binder, Jaroslav"]
[Result "1/2-1/2"]
[WhiteElo "1571"]
[BlackElo "1884"]
[PlyCount "102"]
[EventDate "2012.??.??"]

1. d4 d5 2. Nc3 Nf6 3. h3 g6 4. Nf3 Bg7 5. e3 O-O 6. Bd3 b6 7. O-O Bb7 8. Re1
Ne4 9. Ne2 Nd7 10. Nd2 c5 11. Bxe4 dxe4 12. c3 e6 13. Ng3 f5 14. Qb3 Qf6 15.
Qc2 Rac8 16. Qd1 Qh4 17. Nc4 Qe7 18. b3 Rfd8 19. Bb2 Ne5 20. Nxe5 Bxe5 21. Qe2
Bg7 22. Rad1 e5 23. f4 exf3 24. gxf3 Qh4 25. Kh2 cxd4 26. exd4 exd4 27. cxd4
Bd5 28. Kg2 Qg5 29. Kh2 Qf4 30. Kg2 Re8 31. Qf2 Kf7 32. Bc1 Qd6 33. Ne4 Qc6 34.
Ng5+ Kg8 35. Rxe8+ Rxe8 36. h4 Qc3 37. Kg3 Bf8 38. Bf4 h6 39. Rc1 Qd3 40. Nh3
Bg7 41. Be5 Bxe5+ 42. dxe5 Rxe5 43. Nf4 Qb5 44. Qd4 Bf7 45. Qd8+ Re8 46. Qd6 g5
47. hxg5 hxg5 48. Nh3 f4+ 49. Kg2 Qe2+ 50. Nf2 g4 51. Qxf4 gxf3+ 1/2-1/2

[Event "Brno /Olexa/"]
[Site "?"]
[Date "2012.12.25"]
[Round "1"]
[White "Zikan, Karel"]
[Black "Hrdlicka, Vladan"]
[Result "1-0"]
[WhiteElo "1813"]
[BlackElo "1512"]
[PlyCount "69"]
[EventDate "2012.??.??"]

1. Nf3 d5 2. d4 Nf6 3. c4 c6 4. cxd5 cxd5 5. Nc3 Nc6 6. Bf4 e6 7. e3 a6 8. Rc1
Bd6 9. Bxd6 Qxd6 10. Bd3 O-O 11. O-O Re8 12. h3 e5 13. dxe5 Nxe5 14. Nd4 Nxd3
15. Qxd3 Ne4 16. Rfd1 Qf6 17. Qe2 Qg5 18. Nf3 Nxc3 19. Rxc3 Qh5 20. Nd4 Qg6 21.
Qf3 Re5 22. Rdc1 Bd7 23. Rc7 Qd6 24. Rxb7 Rf8 25. Rcc7 Re7 26. Nf5 Bxf5 27.
Rxe7 Rc8 28. Qf4 Qxf4 29. exf4 Be6 30. f5 Bxf5 31. Rxf7 Bg6 32. Rxg7+ Kf8 33.
Rgd7 Re8 34. f3 Re5 35. Rb8+ 1-0

[Event "Brno /Olexa/"]
[Site "?"]
[Date "2012.12.25"]
[Round "1"]
[White "Bartosova, Veronika"]
[Black "Kosina, Vladimir"]
[Result "0-1"]
[WhiteElo "1376"]
[BlackElo "1808"]
[PlyCount "38"]
[EventDate "2012.??.??"]

1. e4 e5 2. Nf3 Nc6 3. Nc3 Nf6 4. d4 Qe7 5. Bb5 Nxd4 6. Nxd4 exd4 7. Qxd4 c6 8.
Bd3 d6 9. Bg5 Qe5 10. Qe3 Ng4 11. f4 Qxg5 12. Qf3 Qa5 13. O-O Qb6+ 14. Kh1 Qxb2
15. Ne2 Qf6 16. f5 Ne5 17. Qg3 Nxd3 18. cxd3 Be7 19. Rf4 Qxa1+ 0-1

[Event "Brno /Olexa/"]
[Site "?"]
[Date "2012.12.25"]
[Round "1"]
[White "Pesl, Jan"]
[Black "Koci, Tomas"]
[Result "1-0"]
[WhiteElo "1791"]
[BlackElo "1250"]
[PlyCount "45"]
[EventDate "2012.??.??"]

1. e4 e5 2. Nf3 Nc6 3. Bb5 d6 4. c3 a6 5. Ba4 b5 6. Bb3 Nf6 7. d3 h6 8. O-O Be6
9. Re1 Be7 10. Nbd2 Qd7 11. d4 exd4 12. cxd4 Bg4 {(R)} 13. e5 dxe5 14. dxe5 Nd5
15. Nf1 O-O-O 16. h3 Bh5 17. Ng3 g6 18. Nxh5 gxh5 19. a4 Rhg8 20. e6 fxe6 21.
axb5 e5 22. Qxd5 Qxh3 23. Qe6+ 1-0

[Event "Brno /Olexa/"]
[Site "?"]
[Date "2012.12.27"]
[Round "4"]
[White "Dvorak, Adam"]
[Black "Horak, Jiri"]
[Result "1-0"]
[WhiteElo "2030"]
[BlackElo "2209"]
[PlyCount "91"]
[EventDate "2012.??.??"]

1. d4 d5 2. c4 e6 3. Nc3 Nf6 4. Nf3 Be7 5. Bg5 O-O 6. Qc2 Nbd7 7. e3 c6 8.
O-O-O Re8 9. h4 a6 10. Kb1 b5 11. c5 b4 12. Na4 a5 13. Bxf6 Nxf6 14. Ne5 Qc7
15. g4 Ba6 16. g5 Ne4 17. Bxa6 Rxa6 18. Rdg1 f6 19. Ng4 fxg5 20. hxg5 Nxg5 21.
Rxh7 Nxh7 22. Nh6+ Kf8 23. Qxh7 Bf6 24. Qg8+ Ke7 25. Rxg7+ Bxg7 26. Qxg7+ Kd8
27. Nf7+ Kc8 28. Nd6+ Kd8 29. Nf7+ Kc8 30. Nd6+ Kd8 31. Qxc7+ Kxc7 32. Nxe8+
Kd8 33. Ng7 Ke7 34. Nb6 Kf7 35. Nh5 Ra7 36. Kc2 Kg6 37. Nf4+ Kf5 38. Nc8 Rh7
39. Kd3 e5 40. dxe5 Kxe5 41. Ne7 Rh6 42. b3 Rf6 43. f3 Rh6 44. Ne2 Re6 45. Nd4
Rh6 46. f4+ 1-0

[Event "Brno /Olexa/"]
[Site "?"]
[Date "2012.12.27"]
[Round "4"]
[White "Kosina, Vladimir"]
[Black "Spodny, Josef"]
[Result "1/2-1/2"]
[WhiteElo "1808"]
[BlackElo "2011"]
[PlyCount "44"]
[EventDate "2012.??.??"]

1. Nf3 Nf6 2. c4 e6 3. Nc3 Bb4 4. Qc2 d5 5. a3 Bxc3 6. bxc3 dxc4 7. Qa4+ Nbd7
8. Qxc4 O-O 9. g3 b6 10. Bg2 Bb7 11. O-O Bxf3 12. exf3 Ne5 13. Qe2 Nd3 14. f4
Rb8 15. a4 Nxc1 16. Rfxc1 a5 17. d4 Nd5 18. Qe5 g6 19. h4 Qf6 20. Bxd5 Qxe5 21.
fxe5 exd5 22. Rab1 Rfd8 1/2-1/2

[Event "Brno /Olexa/"]
[Site "?"]
[Date "2012.12.27"]
[Round "4"]
[White "Kredl, Karel"]
[Black "Vitula, Jan"]
[Result "1/2-1/2"]
[WhiteElo "2133"]
[BlackElo "1892"]
[PlyCount "112"]
[EventDate "2012.??.??"]

1. d4 Nf6 2. Bg5 g6 3. Bxf6 exf6 4. e3 b6 5. Be2 Bb7 6. Bf3 Bxf3 7. Qxf3 Nc6 8.
c3 Bg7 9. Ne2 O-O 10. O-O f5 11. Nd2 Ne7 12. Nf4 a5 13. a4 d5 14. Rfd1 Qd7 15.
b3 Rfd8 16. Rac1 Rac8 17. c4 dxc4 18. Nxc4 g5 19. Nd3 Qd5 20. Qxd5 Nxd5 21.
Nce5 c5 22. dxc5 bxc5 23. Rc2 Nxe3 24. fxe3 Bxe5 25. Rdd2 Bf6 26. Kf1 Rd5 27.
Ke2 Be7 28. Nb2 Rxd2+ 29. Rxd2 Rd8 30. Rxd8+ Bxd8 31. Kd3 g4 32. Kc4 Bg5 33.
Nd1 f4 34. exf4 Bxf4 35. h3 gxh3 36. gxh3 f5 37. Kxc5 Bd2 38. Kd5 {(R)} Kf7 39.
Ke5 Kg6 40. Nf2 Bc3+ 41. Kf4 Kf6 42. Nd3 Bd2+ 43. Kf3 Ke6 44. Nc5+ Kd5 45. Nb7
Ke5 46. Nc5 Kd6 47. Nb7+ Kd5 48. Ke2 Bb4 49. Kf3 Ke5 50. Nd8 Kf6 51. Nc6 Bc3
52. Kf4 Bd2+ 53. Kf3 Kg5 54. Ke2 Bc3 55. Kd3 Be1 56. Ke2 Bc3 1/2-1/2

[Event "Brno /Olexa/"]
[Site "?"]
[Date "2012.12.27"]
[Round "4"]
[White "Binder, Jaroslav"]
[Black "Cip, Dalibor"]
[Result "1-0"]
[WhiteElo "1884"]
[BlackElo "2108"]
[PlyCount "57"]
[EventDate "2012.??.??"]

1. e4 c5 2. Ne2 Nc6 3. g3 Nf6 4. Bg2 g6 5. Nbc3 Bg7 6. d3 O-O 7. O-O d6 8. h3
Rb8 9. f4 Nd4 10. Be3 Ne8 11. Qd2 b5 12. Nd1 b4 13. Kh2 f5 14. c3 Nxe2 15. Qxe2
Qa5 16. cxb4 cxb4 17. Nf2 Nf6 18. Rfc1 Bb7 19. exf5 Bxg2 20. Kxg2 gxf5 21. Kh2
Rbc8 22. Bd4 Rxc1 23. Rxc1 e5 24. fxe5 dxe5 25. Bxe5 Qxe5 26. Qxe5 Ng4+ 27.
Nxg4 Bxe5 28. Nxe5 Re8 29. d4 1-0

[Event "Brno /Olexa/"]
[Site "?"]
[Date "2012.12.27"]
[Round "4"]
[White "Zeman, Arnost"]
[Black "Pesl, Jan"]
[Result "1/2-1/2"]
[WhiteElo "1988"]
[BlackElo "1791"]
[PlyCount "44"]
[EventDate "2012.??.??"]

1. e4 Nf6 2. d3 e5 3. Nc3 Nc6 4. Nge2 d6 5. h3 Be7 6. Be3 a6 7. Qd2 b5 8. a3
Bb7 9. Rg1 h5 10. f3 d5 11. exd5 Nxd5 12. Nxd5 Qxd5 13. Nc3 Qd7 14. O-O-O b4
15. axb4 Bxb4 16. Qf2 Bxc3 17. bxc3 Ne7 18. Kd2 Nf5 19. Bc5 Qa4 20. Re1 O-O-O
21. Bb4 Nd4 22. Rc1 Rhe8 {(R)} 1/2-1/2

[Event "Brno /Olexa/"]
[Site "?"]
[Date "2012.12.27"]
[Round "4"]
[White "Horak, Ales"]
[Black "Kucera, Petr"]
[Result "1/2-1/2"]
[WhiteElo "1729"]
[BlackElo "1968"]
[PlyCount "81"]
[EventDate "2012.??.??"]

1. e4 Nf6 2. Nc3 d5 3. exd5 Nxd5 4. Bc4 e6 5. Qf3 Nf6 6. Nge2 Nc6 7. Bb5 Bd7 8.
O-O Bd6 9. d4 a6 10. Ba4 h6 11. Rd1 O-O 12. h3 Re8 13. Bb3 e5 14. Ne4 Be7 15.
a3 exd4 16. Nxd4 Ne5 17. Nxf6+ Bxf6 18. Qxb7 Bc6 19. Qb4 Rb8 20. Qc3 Ba8 21.
Bf4 Qc8 22. Qg3 c5 23. Nf3 Bxf3 24. gxf3 c4 25. Ba4 Re6 26. Kh1 Qb7 27. Rab1
Rf8 28. b3 Nxf3 29. Qg2 Qe4 30. Be3 Bc3 31. Qg4 Qa8 32. bxc4 Rg6 33. Qd7 Qe4
34. Qd5 Ng5+ 35. Qxe4 Nxe4 36. Rg1 Rf6 37. Kg2 Rc8 38. Bb3 Rf5 39. Rbd1 Rc6 40.
Rd5 Rff6 41. Rgd1 {(R)} 1/2-1/2

[Event "Brno /Olexa/"]
[Site "?"]
[Date "2012.12.27"]
[Round "4"]
[White "Smutny, Vladimir"]
[Black "Hala, Pavel"]
[Result "0-1"]
[WhiteElo "1617"]
[BlackElo "1571"]
[PlyCount "100"]
[EventDate "2012.??.??"]

1. d4 d5 2. c4 e6 3. Nc3 c6 4. cxd5 exd5 5. Nf3 h6 6. Bf4 Nf6 7. e3 Bb4 8. a3
Bxc3+ 9. bxc3 O-O 10. Qc2 Re8 11. Bd3 Nbd7 12. O-O Nf8 13. Ne5 Nh5 14. Bg3 Qg5
15. f4 Qe7 16. Qf2 f5 17. c4 Be6 18. Bh4 Qd6 19. c5 Qc7 20. Qc2 g6 21. Be2 Ng7
22. Rf3 Kh7 23. Rh3 Nd7 24. Bg5 h5 25. g4 Nxe5 26. fxe5 fxg4 27. Rg3 Bf5 28.
Bd3 Rf8 29. Bf6 Qd7 30. Rf1 Bxd3 31. Qxd3 Nf5 32. Rg2 Rf7 33. Rf4 Kg8 34. e4
dxe4 35. Rxe4 Qe6 36. Rd2 Rd7 37. Qf1 b5 38. Qf4 Kf7 39. Bg5 Re8 40. Bh4 Qb3
41. Rde2 Re6 42. Rf2 Kg7 43. Bf6+ Kh7 44. Qd2 g3 45. Rxf5 Qb1+ 46. Re1 Qxf5 47.
hxg3 Qg4 48. Qg2 Qxd4+ 49. Kh1 Qd5 50. Re4 Qd1+ 0-1

[Event "Brno /Olexa/"]
[Site "?"]
[Date "2012.12.27"]
[Round "4"]
[White "Kopecek, Ivan"]
[Black "Zikan, Karel"]
[Result "1-0"]
[WhiteElo "1951"]
[BlackElo "1813"]
[PlyCount "43"]
[EventDate "2012.??.??"]

1. e4 c6 2. d4 d5 3. Nc3 dxe4 4. Nxe4 Nd7 5. Nf3 Ngf6 6. Nc3 e6 7. Bd3 c5 8.
Qe2 cxd4 9. Nxd4 Be7 10. Bf4 O-O 11. O-O-O Qa5 12. Nxe6 fxe6 13. Qxe6+ Rf7 14.
Bc4 Ne5 15. Qxe5 Qxe5 16. Bxe5 Ng4 17. Bg3 Bf5 18. Rhe1 Bb4 19. a3 Bxc3 20.
bxc3 Rc8 21. Bb3 g6 22. Re7 1-0

[Event "Brno /Olexa/"]
[Site "?"]
[Date "2012.12.27"]
[Round "4"]
[White "Brhlik, Antonin"]
[Black "Glacner, Karel"]
[Result "1-0"]
[WhiteElo "1687"]
[BlackElo "1590"]
[PlyCount "87"]
[EventDate "2012.??.??"]

1. e4 e5 2. Nf3 Nc6 3. Bb5 Nd4 4. Nxd4 exd4 5. O-O c6 6. Bc4 b5 7. Bb3 a5 8. a3
Bd6 9. e5 Bb8 10. Qg4 Qe7 11. Re1 Bxe5 12. Qe4 f6 13. Kf1 Bb7 14. f4 O-O-O 15.
fxe5 fxe5 16. d3 Rf8+ 17. Kg1 d6 18. Qg4+ Kc7 19. Bxg8 Rhxg8 20. Bg5 Qf7 21.
Nd2 Qf2+ 22. Kh1 Qf7 23. Rf1 Qe8 24. Rxf8 Rxf8 25. Rf1 Bc8 26. Rxf8 Qxf8 27.
Qf3 Qe8 28. h3 Be6 29. Bh4 h6 30. Be1 Qe7 31. Ne4 Kb6 32. Bd2 d5 33. Nf2 Qc5
34. c3 dxc3 35. Bxc3 d4 36. Ne4 Qe7 37. Bd2 b4 38. axb4 axb4 39. Qg3 Qc7 40.
Bxb4 Qf7 41. Qxe5 Bd5 42. Qb8+ Qb7 43. Ba5+ Ka6 44. Nc5+ 1-0

[Event "Brno /Olexa/"]
[Site "?"]
[Date "2012.12.27"]
[Round "4"]
[White "Richterova, Julie"]
[Black "Hlousek, Dusan"]
[Result "1-0"]
[WhiteElo "1480"]
[BlackElo "1621"]
[PlyCount "99"]
[EventDate "2012.??.??"]

1. d4 Nf6 2. c4 e6 3. Nf3 d6 4. Bf4 b6 5. e3 Nh5 6. Bg5 f6 7. Bh4 g6 8. Nc3 Bb7
9. Be2 Ng7 10. O-O Nf5 11. Bg3 Nd7 12. Rc1 Qe7 13. Qc2 Bh6 14. Qd3 Nxg3 15.
hxg3 O-O 16. Rfd1 Rad8 17. d5 Ne5 18. Qc2 a6 19. b3 Rfe8 20. Nd4 Nd7 21. Nxe6
Nc5 22. Nxd8 Rxd8 23. Bf3 Nd7 24. Qe4 Ne5 25. Be2 Bc8 26. f4 Bf5 27. Qd4 Ng4
28. Bxg4 Bxg4 29. Re1 Re8 30. Nd1 Bg7 31. Nf2 f5 32. Qd3 Bh5 33. e4 Qf6 34.
exf5 Rxe1+ 35. Rxe1 gxf5 36. Qe3 Qd4 37. Qxd4 Bxd4 38. Kf1 Bxf2 39. Kxf2 Kf7
40. Re6 a5 41. Ke3 Bg6 42. Kd4 Bh5 43. a3 Bd1 44. b4 axb4 45. axb4 Ba4 46. c5
b5 47. cxd6 cxd6 48. Rxd6 Bb3 49. Kc5 Bc4 50. Kc6 1-0

[Event "Brno /Olexa/"]
[Site "?"]
[Date "2012.12.27"]
[Round "4"]
[White "Martirosyan, Ara"]
[Black "Koci, Tereza"]
[Result "1-0"]
[WhiteElo "1596"]
[BlackElo "1336"]
[PlyCount "51"]
[EventDate "2012.??.??"]

1. e4 e6 2. d4 d5 3. Nc3 Nf6 4. e5 Nfd7 5. f4 f5 6. Nf3 c5 7. Be3 Nc6 8. Bb5 a6
9. Bxc6 bxc6 10. dxc5 Nxc5 11. O-O Be7 12. Nd4 Bb7 13. b4 Ne4 14. Nxe4 dxe4 15.
Nxe6 Qxd1 16. Rfxd1 Kf7 17. Nc5 Bc8 18. c3 Re8 19. Rd2 a5 20. a4 axb4 21. cxb4
Bxc5 22. Bxc5 Be6 23. a5 Red8 24. Rad1 Bd5 25. b5 Rxa5 26. Bb6 1-0

[Event "Brno /Olexa/"]
[Site "?"]
[Date "2012.12.27"]
[Round "4"]
[White "Hrdlicka, Vladan"]
[Black "Bartosova, Veronika"]
[Result "1-0"]
[WhiteElo "1512"]
[BlackElo "1376"]
[PlyCount "77"]
[EventDate "2012.??.??"]

1. e4 e5 2. Nf3 Nc6 3. Bc4 Bc5 4. c3 Nf6 5. d3 d6 6. Bb3 Bg4 7. h3 Bh5 8. Nbd2
O-O 9. g4 Bg6 10. Nf1 d5 11. Qe2 dxe4 12. dxe4 Nxe4 13. Ne3 Qd6 14. O-O Kh8 15.
Bc2 Nf6 16. b4 Bb6 17. a4 a6 18. Nc4 Qe6 19. Bb3 Rae8 20. b5 Na7 21. Ba3 Rg8
22. Ng5 Qd5 23. Rfd1 Bd4 24. cxd4 exd4 25. Qd2 Ne4 26. Nxe4 Rxe4 27. Ba2 Qd8
28. Bb1 d3 29. Bxd3 Rd4 30. Ne5 Qf6 31. Nxg6+ fxg6 32. Qe2 Rd7 33. bxa6 bxa6
34. Bxa6 Rxd1+ 35. Rxd1 h6 36. Bb5 Qc3 37. Qe3 Qa5 38. Bb2 Nc6 39. Qxh6# 1-0

[Event "Brno /Olexa/"]
[Site "?"]
[Date "2012.12.27"]
[Round "4"]
[White "Doskar, Miloslav"]
[Black "Koci, Tomas"]
[Result "1-0"]
[WhiteElo "1752"]
[BlackElo "1250"]
[PlyCount "51"]
[EventDate "2012.??.??"]

1. d4 d5 2. c4 dxc4 3. e3 Nf6 4. Bxc4 e5 5. Qb3 Qe7 6. dxe5 Ne4 7. Nd2 Bf5 8.
Nxe4 Bxe4 9. f3 Bg6 10. Qxb7 Qh4+ 11. g3 Qxc4 12. Bd2 Qa6 13. Qxa8 Qb6 14. Qd5
Qxb2 15. Qd4 Qc2 16. Qc3 Qxc3 17. Bxc3 Ba3 18. e4 Nc6 19. Ne2 Nb4 20. Bxb4
Bxb4+ 21. Kf2 Bc5+ 22. Kg2 f5 23. exf6 gxf6 24. Rab1 O-O 25. Nf4 Bf7 26. Nd5
1-0

[Event "Brno /Olexa/"]
[Site "?"]
[Date "2012.12.28"]
[Round "5"]
[White "Binder, Jaroslav"]
[Black "Dvorak, Adam"]
[Result "1/2-1/2"]
[WhiteElo "1884"]
[BlackElo "2030"]
[PlyCount "39"]
[EventDate "2012.??.??"]

1. e4 c5 2. Ne2 Nc6 3. g3 Nf6 4. Bg2 e6 5. d3 Be7 6. Nbc3 O-O 7. O-O a6 8. h3
d6 9. Be3 Qc7 10. Kh2 b5 11. Qd2 Bb7 12. f4 Nd7 13. Rae1 {(R)} Nb6 14. f5 b4
15. Nd1 Ne5 16. b3 exf5 17. Rxf5 g6 18. Rff1 a5 19. Bh6 Rfe8 20. Ne3 {(R)}
1/2-1/2

[Event "Brno /Olexa/"]
[Site "?"]
[Date "2012.12.28"]
[Round "5"]
[White "Horak, Jiri"]
[Black "Kosina, Vladimir"]
[Result "1-0"]
[WhiteElo "2209"]
[BlackElo "1808"]
[PlyCount "105"]
[EventDate "2012.??.??"]

1. e4 d6 2. d4 g6 3. Nf3 Bg7 4. h3 Nd7 5. Bc4 e6 6. O-O Ne7 7. Nc3 a6 8. a4 O-O
9. Be3 b6 10. Qd2 Bb7 11. Bh6 d5 12. exd5 exd5 13. Bd3 Re8 14. Rae1 Nf8 15. Ne2
Ne6 16. c3 Nc8 17. Ng3 Nd6 18. Re2 c5 19. Rfe1 Bc6 20. Bc2 Nc4 21. Qc1 Rc8 22.
b3 Nd6 23. Bxg7 Kxg7 24. Qd2 Qd7 25. Ne5 Qe7 26. dxc5 bxc5 27. Nxc6 Rxc6 28.
Qxd5 Rc7 29. Qe5+ Kg8 30. f4 Rd8 31. f5 Qg5 32. fxe6 Qxe5 33. Rxe5 f5 34. Rd5
Rc6 35. Bxf5 Rb6 36. e7 Re8 37. Bd7 Kf7 38. Bxe8+ Nxe8 39. Rxc5 Rxb3 40. Ne4
Rb8 41. Ng5+ Kg7 42. Rf1 h6 43. Rf7+ Kg8 44. Rf8+ Kg7 45. Ne6+ Kh7 46. Nc7 Rb1+
47. Kh2 Re1 48. Rxe8 Kg7 49. Rc4 g5 50. h4 a5 51. hxg5 hxg5 52. Rc5 Kg6 53.
Rg8+ 1-0

[Event "Brno /Olexa/"]
[Site "?"]
[Date "2012.12.28"]
[Round "5"]
[White "Hala, Pavel"]
[Black "Zeman, Arnost"]
[Result "0-1"]
[WhiteElo "1571"]
[BlackElo "1988"]
[PlyCount "78"]
[EventDate "2012.??.??"]

1. Nc3 g6 2. d4 Bg7 3. e3 Nf6 4. Nf3 d6 5. h3 Nbd7 6. Bd3 a6 7. b3 c5 8. Bb2
O-O 9. O-O b5 10. Be2 Bb7 11. Re1 Qc7 12. Nh2 Rac8 13. Rc1 cxd4 14. exd4 Bh6
15. Rb1 b4 16. Na4 Nd5 17. Bc1 Bg7 18. Bc4 N7f6 19. Ng4 Nxg4 20. Qxg4 Nf6 21.
Qg3 a5 22. Be3 Ne4 23. Qh2 Bc6 24. Bd3 Nf6 25. Nb2 Nd5 26. Nd1 Qb6 27. Qg3 Rc7
28. Rc1 Bxd4 29. Bxd4 Qxd4 30. Qg4 Qxg4 31. hxg4 Nf4 32. Bf1 Bb7 33. g3 Ne6 34.
Bc4 Nd4 35. Kf1 Rfc8 36. Ne3 Nf3 37. Red1 Ne5 38. f4 Nxc4 39. Nxc4 Ba6 0-1

[Event "Brno /Olexa/"]
[Site "?"]
[Date "2012.12.28"]
[Round "5"]
[White "Kucera, Petr"]
[Black "Pesl, Jan"]
[Result "1-0"]
[WhiteElo "1968"]
[BlackElo "1791"]
[PlyCount "51"]
[EventDate "2012.??.??"]

1. e4 c6 2. Ne2 d5 3. e5 Bf5 4. Ng3 Bg6 5. h4 h6 6. h5 Bh7 7. e6 fxe6 8. d4 Qd6
9. f4 Nd7 10. Bd3 Bxd3 11. Qxd3 O-O-O 12. O-O Ngf6 13. Nd2 c5 14. c3 Kb8 15.
Qg6 Rc8 16. Nf3 Qb6 17. Ne2 Ne4 18. Ne5 Nxe5 19. fxe5 cxd4 20. Nxd4 Nc5 21. Rf2
Ne4 22. Re2 Qa6 23. Be3 Nc5 24. Rae1 Nd3 25. Rd1 Nxe5 26. Bf4 1-0

[Event "Brno /Olexa/"]
[Site "?"]
[Date "2012.12.28"]
[Round "5"]
[White "Vitula, Jan"]
[Black "Horak, Ales"]
[Result "1-0"]
[WhiteElo "1892"]
[BlackElo "1729"]
[PlyCount "63"]
[EventDate "2012.??.??"]

1. e4 c5 2. Nf3 Nc6 3. d4 cxd4 4. Nxd4 g6 5. Be3 Bg7 6. c4 Nf6 7. f3 O-O 8. Qd2
d6 9. Nc3 Bd7 10. Be2 Rc8 11. O-O Ne5 12. b3 a6 13. Rac1 Ne8 14. Nd5 e6 15. Nc3
Nc6 16. Rfd1 Nxd4 17. Bxd4 Bc6 18. Bxg7 Kxg7 19. c5 Qa5 20. cxd6 Rd8 21. Qb2
Kg8 22. a3 Nxd6 23. b4 Qe5 24. Qb3 Qf4 25. Qb2 h5 26. Qd2 Qxd2 27. Rxd2 Rd7 28.
Rcd1 Rfd8 {(R)} 29. Kf2 f6 30. Ke3 Kf7 31. a4 Ke8 32. b5 1-0

[Event "Brno /Olexa/"]
[Site "?"]
[Date "2012.12.28"]
[Round "5"]
[White "Cip, Dalibor"]
[Black "Martirosyan, Ara"]
[Result "1-0"]
[WhiteElo "2108"]
[BlackElo "1596"]
[PlyCount "93"]
[EventDate "2012.??.??"]

1. d4 Nf6 2. c4 g6 3. Nc3 Bg7 4. e4 d6 5. f4 O-O 6. Nf3 Nbd7 7. Bd3 Re8 8. O-O
e5 9. fxe5 dxe5 10. d5 a5 11. Kh1 Nc5 12. Bc2 h5 13. Bg5 Qd7 14. h3 Nh7 15. Be3
Qe7 {(R)} 16. Qd2 Bd7 17. Rad1 Qd6 18. Qf2 b6 19. Rd2 Rab8 20. b3 Na6 21. Bd1
Nc5 22. Qh4 Bf6 23. Qg3 Qe7 24. Bc2 Rb7 {(R)} 25. Qe1 Rbb8 26. Rdf2 Rf8 27. Qd2
Rbc8 28. Rg1 Rb8 29. g4 hxg4 30. hxg4 Bg7 31. Rh2 Nf6 32. Bg5 Qd6 33. Rh4 Nh7
34. Bh6 Qf6 35. Bd1 a4 36. g5 Bxh6 37. Rxh6 Qf4 38. Qxf4 exf4 39. b4 Na6 40.
Rg2 Rfe8 41. Rgh2 Nf8 42. a3 Bg4 43. R2h4 Bh5 44. Rxf4 Nh7 45. Rxh5 gxh5 46.
Bxa4 Re5 47. Nxe5 1-0

[Event "Brno /Olexa/"]
[Site "?"]
[Date "2012.12.28"]
[Round "5"]
[White "Richterova, Julie"]
[Black "Kopecek, Ivan"]
[Result "0-1"]
[WhiteElo "1480"]
[BlackElo "1961"]
[PlyCount "54"]
[EventDate "2012.??.??"]

1. d4 f5 2. c4 Nf6 3. Bf4 g6 4. Nf3 Bg7 5. Nc3 c5 6. e3 O-O 7. Bd3 d6 8. O-O
Nh5 9. Bg5 h6 10. Bh4 g5 11. Bg3 Nxg3 12. hxg3 e6 13. Qc2 Nc6 14. dxc5 dxc5 15.
Rad1 Qe7 16. e4 f4 17. gxf4 Rxf4 18. Rfe1 Rxf3 19. gxf3 Nd4 20. Qc1 Nxf3+ 21.
Kf1 Bd4 22. Re2 e5 23. Rc2 Qf7 24. Kg2 Nh4+ 25. Kg1 Bh3 26. Bf1 Nf3+ 27. Kh1
Qh5 0-1

[Event "Brno /Olexa/"]
[Site "?"]
[Date "2012.12.28"]
[Round "5"]
[White "Hrdlicka, Vladan"]
[Black "Brhlik, Antonin"]
[Result "1/2-1/2"]
[WhiteElo "1512"]
[BlackElo "1687"]
[PlyCount "71"]
[EventDate "2012.??.??"]

1. e4 c5 2. Nf3 Nc6 3. Bb5 Qc7 4. O-O Nf6 5. Re1 e6 6. e5 Nd5 7. c4 Nb6 8. d3
Be7 9. Nc3 d5 10. Bxc6+ Qxc6 11. b3 O-O 12. Bg5 Bxg5 13. Nxg5 h6 14. Nh3 Bd7
15. Nb5 Nc8 16. Nf4 a6 17. Nc3 Ne7 18. a4 b6 19. Qh5 Be8 20. Qh3 Bd7 21. Nh5
Kh7 22. g4 Ng8 23. g5 f5 24. gxh6 gxh6 25. Qg3 Rf7 26. f3 Ne7 27. Kf2 Rg8 28.
Qh4 Ng6 29. Nf6+ Rxf6 30. Qxf6 Nf4 31. Rad1 d4 32. Ne4 Nh3+ 33. Ke2 Rg2+ 34.
Kf1 Rg1+ 35. Ke2 Rg2+ 36. Kf1 1/2-1/2